Central Library OPAC University of Rajshahi

Electron and ion beam science and technology : (Record no. 9144)

MARC details
000 -LEADER
fixed length control field 00991nam a22002652 4500
001 - CONTROL NUMBER
control field 9144
003 - CONTROL NUMBER IDENTIFIER
rucl marc code UkOxU
005 - DATE AND TIME OF LATEST TRANSACTION
control field 20211208234726.0
008 - FIXED-LENGTH DATA ELEMENTS--GENERAL INFORMATION
fixed length control field 140120s1965 nju 100 0 eng d
035 ## - SYSTEM CONTROL NUMBER
System control number 9189
040 ## - CATALOGING SOURCE
Original cataloging agency YSM
Transcribing agency YSM
Modifying agency BD-RjUL
Language of cataloging eng
041 ## - LANGUAGE CODE
Language code of text/sound track or separate title eng
082 ## - DEWEY DECIMAL CLASSIFICATION NUMBER
Classification number 537.56
Author mark and year ELE 1965
090 ## - LOCALLY ASSIGNED LC-TYPE CALL NUMBER (OCLC); LOCAL CALL NUMBER (OCLC)
Classification number (OCLC) (R) ; Classification number, CALL (RLIN) (NR) TK7835
Local cutter number (OCLC) ; Book number/undivided call number, CALL (RLIN) .I5 1974
111 2# - MAIN ENTRY--MEETING NAME
Meeting name or jurisdiction name as entry element International Conference on Electron and Ion Beam Science and Technology
Number of part/section/meeting (6th :
Date of meeting 1974 :
Location of meeting San Francisco)
9 (RLIN) 28381
245 10 - TITLE STATEMENT
Title Electron and ion beam science and technology :
Remainder of title first international conference /
Statement of responsibility, etc. edited by Robert Bakish.
260 ## - PUBLICATION, DISTRIBUTION, ETC. (IMPRINT)
Place of publication, distribution, etc. Princeton, New Jersey :
Name of publisher, distributor, etc. Electrothermics and Metallurgy Division, Electrochemical Society,
Date of publication, distribution, etc. 1965.
300 ## - PHYSICAL DESCRIPTION
Pagination xi, 945 p. :
Illustrations illus. ;
Size 23cm.
504 ## - BIBLIOGRAPHY, ETC. NOTE
Bibliography, etc Includes bibliographies.
650 #0 - SUBJECT ADDED ENTRY--TOPICAL TERM
Topical term or geographic name as entry element Electron beams.
9 (RLIN) 28372
Topical term or geographic name as entry element Ions.
9 (RLIN) 28373
700 1# - ADDED ENTRY--PERSONAL NAME
Personal name Bakish, Robert A.
710 2# - ADDED ENTRY--CORPORATE NAME
Corporate name or jurisdiction name as entry element Electrochemical Society.
Subordinate unit Electrothermics and Metallurgy Division.
9 (RLIN) 28375
942 ## - ADDED ENTRY ELEMENTS (KOHA)
Source of classification or shelving scheme Dewey Decimal Classification
Koha item type Books
Holdings
Lost status Source of classification or shelving scheme Damaged status Not for loan Collection code Permanent Location Current Location Shelving location Date acquired Source of acquisition Cost, normal purchase price Total Checkouts Full call number Date last seen Copy number Koha item type
  Dewey Decimal Classification   Not For Loan Non-fiction Central Library, University of Rajshahi Central Library, University of Rajshahi   10/04/1968 Zeitlinger 238.00   537.56 ELE 1965 20/01/2014 C-1 Books